MARC details
| 000 -CABECERA |
| campo de control de longitud fija |
01313 a2200337 4500 |
| 001 - NÚMERO DE CONTROL |
| campo de control |
000000001 |
| 003 - IDENTIFICADOR DEL NÚMERO DE CONTROL |
| campo de control |
EC-UNACH |
| 005 - FECHA Y HORA DE LA ÚLTIMA TRANSACCIÓN |
| campo de control |
20260122104325.0 |
| 008 - DATOS DE LONGITUD FIJA--INFORMACIÓN GENERAL |
| campo de control de longitud fija |
130101s2013 ec a | |||| 00| 0 spa d |
| 020 ## - NÚMERO INTERNACIONAL ESTÁNDAR DEL LIBRO |
| Número Internacional Estándar del Libro |
9789942075604 |
| 040 ## - FUENTE DE LA CATALOGACIÓN |
| Centro catalogador/agencia de origen |
EC-UNACH |
| Lengua de catalogación |
spa |
| Normas de descripción |
rda |
| 041 0# - CÓDIGO DE LENGUA |
| Código de lengua del texto/banda sonora o título independiente |
spa |
| 082 04 - NÚMERO DE LA CLASIFICACIÓN DECIMAL DEWEY |
| Número de clasificación |
305.800986 |
| Número de documento/Ítem |
L018553 |
| 100 1# - ENTRADA PRINCIPAL--NOMBRE DE PERSONA |
| Nombre de persona |
Cantero, Pedro A. |
| 245 10 - MENCIÓN DE TÍTULO |
| Título |
Ecuatorianos: |
| Resto del título |
retratos. |
| 250 ## - MENCIÓN DE EDICIÓN |
| Mención de edición |
Primera edición |
| 264 #1 - Producción, publicación, distribución, fabricación y copyright |
| Lugar de producción, publicación, distribución, fabricación |
Quito : |
| Nombre del de productor, editor, distribuidor, fabricante |
Ministerio de Inclusión Económica y Social, |
| Fecha de de producción, publicación, distribución, fabricación o copyright |
2013. |
| 300 ## - DESCRIPCIÓN FÍSICA |
| Extensión |
264 páginas : |
| Otras características físicas |
ilustraciones ; |
| Dimensiones |
24 x 27,5 cm |
| 505 ## - NOTA DE CONTENIDO CON FORMATO |
| Nota de contenido con formato |
Ecuador. - Aspectos sociales. - Identidad cultural. - Sociedad ecuatoriana |
| 520 ## - SUMARIO, ETC. |
| Sumario, etc. |
Obra que presenta una mirada social y cultural del Ecuador a través de retratos colectivos e interpretativos. Analiza la diversidad humana, social e identitaria del país, destacando realidades históricas, culturales y políticas que conforman el tejido social ecuatoriano. |
| 650 #4 - PUNTO DE ACCESO ADICIONAL DE MATERIA--TÉRMINO DE MATERIA |
| Término de materia o nombre geográfico como elemento inicial |
Ecuador--Aspectos sociales |
| 650 #4 - PUNTO DE ACCESO ADICIONAL DE MATERIA--TÉRMINO DE MATERIA |
| Término de materia o nombre geográfico como elemento inicial |
Identidad cultural--Ecuador |
| 650 #4 - PUNTO DE ACCESO ADICIONAL DE MATERIA--TÉRMINO DE MATERIA |
| Término de materia o nombre geográfico como elemento inicial |
Sociedad ecuatoriana |
| 700 1# - PUNTO DE ACCESO ADICIONAL--NOMBRE DE PERSONA |
| Nombre de persona |
Soliz Carrión, Doris |
| Término indicativo de función/relación |
tex. |
| 700 1# - PUNTO DE ACCESO ADICIONAL--NOMBRE DE PERSONA |
| Nombre de persona |
Cantero, Pedro A. |
| Término indicativo de función/relación |
tex. |
| 942 ## - ELEMENTOS DE PUNTO DE ACCESO ADICIONAL (KOHA) |
| Fuente del sistema de clasificación o colocación |
Clasificación Decimal Dewey |
| Tipo de ítem Koha |
Libros |
| 999 ## - NÚMEROS DE CONTROL DE SISTEMA (KOHA) |
| Koha biblionumber |
14356 |